[Event "M.Chigorin Memorial 2014"]
[Site "St. Petersburg"]
[Date "2014.10.26"]
[Round "9.131"]
[White "Bodnaruk, Svyatoslav"]
[Black "Baraeva, Marina"]
[Result "0-1"]
[WhiteElo "1633"]
[BlackElo "2089"]
[PlyCount "78"]
[EventDate "2014.10.18"]

1. e4 c5 2. Nf3 a6 3. a4 Nc6 4. c3 e6 5. d4 d5 6. e5 cxd4 7. cxd4 Nge7 8. Bd3
Qb6 9. O-O Bd7 10. Bc2 Nb4 11. Na3 Nxc2 12. Nxc2 Nc6 13. Ne3 Na5 14. Bd2 Nb3
15. Ra2 Nxd4 16. a5 Nxf3+ 17. Qxf3 Qb3 18. Rfa1 d4 19. Nd1 Qxf3 20. gxf3 Rc8
21. b4 Bb5 22. Kg2 Be7 23. f4 O-O 24. f3 Rc4 25. Rb2 f6 26. Nf2 fxe5 27. fxe5
Bc6 28. Ra3 Rf5 29. Kg3 Rxe5 30. Nd3 Re2 31. Nc1 Bd6+ 32. f4 Rg2+ 33. Kh3 Bxf4
34. Nb3 Rxh2+ 35. Kg4 g5 36. Bxf4 Rxb2 37. Kxg5 Rc3 38. Ra1 Rcxb3 39. Rg1 Rg2+
0-1

[Event "M.Chigorin Memorial 2014"]
[Site "St. Petersburg"]
[Date "2014.10.26"]
[Round "9.132"]
[White "Gyokbulut, Julia"]
[Black "Aksenova, Maria"]
[Result "1-0"]
[WhiteElo "2086"]
[BlackElo "1777"]
[PlyCount "115"]
[EventDate "2014.10.18"]

1. d4 Nf6 2. Bg5 e6 3. e4 c5 4. d5 h6 5. Bxf6 Qxf6 6. Nc3 d6 7. Nf3 e5 8. Bb5+
Nd7 9. a4 a6 10. Bxd7+ Bxd7 11. a5 Be7 12. Nd2 Qg6 13. O-O f5 14. Qe2 O-O 15.
f3 h5 16. Nc4 Bd8 17. exf5 Bxf5 18. Ne4 Bc7 19. c3 h4 20. Ncd2 Qh5 21. Qe3 Qf7
22. c4 Qg6 23. Qg5 Qxg5 24. Nxg5 b5 25. axb6 Bxb6 26. Ra2 Ra7 27. Rfa1 Rfa8 28.
Kf2 Bd8 29. Nge4 Be7 30. Ke3 Kf7 31. g4 Bd7 32. h3 a5 33. Kd3 Ra6 34. Nb3 Bd8
35. Nbxc5 dxc5 36. Nxc5 R6a7 37. Nxd7 Rxd7 38. b4 Rda7 39. b5 Bf6 40. Rc1 Rb7
41. Ke4 Ke7 42. Ra4 Kd7 43. Kf5 Kd6 44. g5 Be7 45. Ke4 Bxg5 46. c5+ Ke7 47. Rb1
Rc8 48. c6 Rb6 49. Rxa5 Kd6 50. Ra7 Rf8 51. Rd7+ Kc5 52. c7 Rxb5 53. Rxb5+ Kxb5
54. Rxg7 Bf6 55. Rg1 Rc8 56. Rc1 Be7 57. Kxe5 Bc5 58. d6 1-0

[Event "M.Chigorin Memorial 2014"]
[Site "St. Petersburg"]
[Date "2014.10.26"]
[Round "9.133"]
[White "Turikov, Viktor"]
[Black "Orel, Daniil"]
[Result "1-0"]
[WhiteElo "2269"]
[BlackElo "1841"]
[PlyCount "213"]
[EventDate "2014.10.18"]

1. e3 e5 2. Nc3 Nc6 3. Nf3 d5 4. Bb5 Qd6 5. Bxc6+ bxc6 6. d3 g6 7. e4 Bg7 8.
O-O Ne7 9. Re1 d4 10. Na4 h6 11. b3 O-O 12. Nb2 g5 13. Nc4 Qe6 14. Ba3 Re8 15.
Bxe7 Qxe7 16. Nfd2 Qe6 17. Nf1 Ba6 18. Ng3 Bxc4 19. dxc4 Bf8 20. a3 a5 21. Qd3
Reb8 22. a4 c5 23. Qf3 Qg6 24. h3 Ra6 25. Nh5 Re8 26. Rad1 Rb6 27. Rd3 Bg7 28.
Qg4 Qe6 29. Rf3 Qxg4 30. hxg4 Re7 31. Rd1 Kh7 32. Rdd3 Kg6 33. Rf5 Rc6 34. Kf1
Rb6 35. Ke2 Rb7 36. Rdf3 Rb6 37. Kd3 Bh8 38. Rh3 Bg7 39. Rff3 Kh7 40. Ng3 Kg8
41. Nf5 Ree6 42. Rh1 Kf8 43. Rfh3 Rg6 44. f3 Rge6 45. Ng3 Kg8 46. Ne2 Rf6 47.
Kd2 Bf8 48. Nc1 Kg7 49. Nd3 Bd6 50. Ke2 Re6 51. Rh5 Rf6 52. Kd2 Re6 53. R1h3
Bf8 54. Nf2 Kg8 55. Nh1 Bg7 56. Ng3 Kf8 57. Nf5 Rg6 58. Kd3 Rge6 59. Rh1 Rg6
60. Rb1 Rge6 61. Rhh1 Rg6 62. c3 Rge6 63. cxd4 exd4 64. Ng3 Rb8 65. Ne2 Reb6
66. Nc1 Re6 67. Kc2 Be5 68. Nd3 Bd6 69. e5 Bxe5 70. Rbe1 Bg7 71. Rxe6 fxe6 72.
Nxc5 Ke7 73. Re1 e5 74. Ne4 Ke6 75. Rd1 Bf8 76. Nf2 Bg7 77. Re1 Kd6 78. Nd3 Rf8
79. Rb1 Rb8 80. b4 axb4 81. Rxb4 Rxb4 82. Nxb4 Kc5 83. Kb3 Kb6 84. Nd3 Ka5 85.
c5 Bf8 86. Nxe5 Bxc5 87. Nc4+ Ka6 88. Kc2 Bb4 89. Kd3 c5 90. Ke2 Kb7 91. g3 Kc6
92. f4 Kd5 93. a5 Kxc4 94. a6 Kb3 95. a7 Kc2 96. a8=Q d3+ 97. Kf3 d2 98. Qa4+
Kc1 99. Ke2 gxf4 100. gxf4 c4 101. Qa1+ Kc2 102. Qa2+ Kc3 103. Qxd2+ Kb3 104.
Qd1+ Kb2 105. f5 c3 106. Kd3 h5 107. Qc2+ 1-0

[Event "M.Chigorin Memorial 2014"]
[Site "St. Petersburg"]
[Date "2014.10.26"]
[Round "9.134"]
[White "Fedoseeva, Valentina"]
[Black "Karasev, Vladimir I"]
[Result "0-1"]
[WhiteElo "1946"]
[BlackElo "2377"]
[PlyCount "54"]
[EventDate "2014.10.18"]

1. e4 c5 2. Nf3 e6 3. c3 d5 4. e5 Nc6 5. d4 Qb6 6. Be2 Bd7 7. O-O Nh6 8. dxc5
Bxc5 9. b4 Be7 10. a3 Ng4 11. Bf4 Qc7 12. Re1 Ngxe5 13. Nxe5 Nxe5 14. Bh5 Bd6
15. Bxe5 Bxe5 16. Bxf7+ Kxf7 17. Qh5+ Kf6 18. Re3 g6 19. Qh6 Ke7 20. Nd2 Raf8
21. Rae1 Bf4 22. Qg7+ Kd8 23. Rh3 Bxd2 24. Rxh7 Rxh7 25. Qxf8+ Be8 26. Rxe6
Qxh2+ 27. Kf1 Qh1+ 0-1

[Event "M.Chigorin Memorial 2014"]
[Site "St. Petersburg"]
[Date "2014.10.26"]
[Round "9.135"]
[White "Monin, Nikolay"]
[Black "Makarevich, Julia"]
[Result "1-0"]
[WhiteElo "2209"]
[BlackElo "1934"]
[PlyCount "87"]
[EventDate "2014.10.18"]

1. Nf3 Nf6 2. c4 g6 3. Nc3 Bg7 4. e4 d6 5. d4 O-O 6. Be2 e5 7. dxe5 dxe5 8.
Qxd8 Rxd8 9. Bg5 Re8 10. O-O-O h6 11. Bh4 g5 12. Bg3 Nfd7 13. Rd2 a5 14. Rhd1
c6 15. Na4 f6 16. Ne1 Bf8 17. Nc2 Re7 18. Ne3 Na6 19. Bg4 Nac5 20. Nxc5 Nxc5
21. Bxc8 Rxc8 22. Nf5 Rec7 23. f3 b5 24. Bf2 Na4 25. Rd8 bxc4 26. Ne7+ Rxe7 27.
Rxc8 Kg7 28. Rcd8 Rb7 29. R1d7+ Rxd7 30. Rxd7+ Kg6 31. Ra7 Nc5 32. Bxc5 Bxc5
33. Rxa5 Bd4 34. Ra6 c5 35. Kc2 h5 36. g4 h4 37. h3 Kf7 38. Ra4 Ke6 39. Rxc4
Kd6 40. Ra4 Kc6 41. Ra6+ Kb5 42. Rxf6 Be3 43. Rf5 Bf4 44. Kc3 1-0

[Event "M.Chigorin Memorial 2014"]
[Site "St. Petersburg"]
[Date "2014.10.26"]
[Round "9.136"]
[White "Shuvalov, Arvind"]
[Black "Mamatov, Melis"]
[Result "0-1"]
[WhiteElo "1900"]
[BlackElo "2191"]
[PlyCount "72"]
[EventDate "2014.10.18"]

1. e4 c5 2. Nf3 b6 3. d4 cxd4 4. Nxd4 Bb7 5. Nc3 a6 6. a4 e6 7. Be2 Qc7 8. O-O
Nf6 9. Bf3 d6 10. Re1 Nbd7 11. g3 Be7 12. Bg2 O-O 13. f4 Rfb8 14. f5 e5 15. Nb3
b5 16. a5 Nc5 17. Nxc5 dxc5 18. g4 Rd8 19. Qe2 h6 20. Nd5 Nxd5 21. exd5 Bxd5
22. Qxe5 Bd6 23. Qe2 Bxh2+ 24. Kh1 Bg3 25. Bxd5 Rxd5 26. Qg2 Bxe1 27. Qxd5 Re8
28. Qf3 Qg3 29. Qxg3 Bxg3 30. Kg2 Be5 31. c3 Bc7 32. Kf3 Re1 33. b4 cxb4 34.
cxb4 Be5 35. Rb1 Bf6 36. Kf2 Bh4+ 0-1

[Event "M.Chigorin Memorial 2014"]
[Site "St. Petersburg"]
[Date "2014.10.26"]
[Round "9.137"]
[White "Glazov, Anatoly"]
[Black "Mrykhin, Igor"]
[Result "1-0"]
[WhiteElo "1887"]
[BlackElo "2151"]
[PlyCount "87"]
[EventDate "2014.10.18"]

1. f4 Nf6 2. Nf3 d5 3. b3 g6 4. Bb2 Bg7 5. e3 O-O 6. Be2 c5 7. Ne5 Qc7 8. Nc3
a6 9. Bf3 e6 10. O-O Nfd7 11. d4 cxd4 12. exd4 Nc6 13. Rc1 f6 14. Nxd5 exd5 15.
Bxd5+ Kh8 16. Nf7+ Rxf7 17. Bxf7 Nb6 18. Bc4 Nxc4 19. bxc4 f5 20. Bc3 Bd7 21.
Qd3 Na5 22. Bxa5 Qxa5 23. Rb1 b5 24. c5 Qa4 25. c3 Be6 26. Qf3 Rd8 27. Qb7 Qxa2
28. Qe7 Qd5 29. Rfe1 Bc8 30. c6 Rg8 31. Qc7 Bf6 32. Re3 Qd8 33. Qxd8 Rxd8 34.
d5 Rxd5 35. Re8+ Kg7 36. Rxc8 Bxc3 37. Ra8 Rc5 38. Rxa6 b4 39. Ra7+ Kf6 40. c7
Ke6 41. Kf1 Bd2 42. g3 Rc2 43. Rb2 Rc1+ 44. Ke2 1-0

[Event "M.Chigorin Memorial 2014"]
[Site "St. Petersburg"]
[Date "2014.10.26"]
[Round "9.138"]
[White "Ivanov, Sergei V"]
[Black "Ivanov, Artem"]
[Result "1/2-1/2"]
[WhiteElo "2146"]
[BlackElo "1913"]
[PlyCount "92"]
[EventDate "2014.10.18"]

1. e4 e5 2. Nf3 Nc6 3. d4 exd4 4. Nxd4 Bc5 5. Nb3 Bb6 6. Nc3 d6 7. Qe2 Be6 8.
Be3 Qd7 9. O-O-O O-O-O 10. Bxb6 axb6 11. f3 Nge7 12. Qf2 f6 13. Bb5 Kb8 14. Kb1
Nc8 15. Rhe1 N8a7 16. Bf1 Rhe8 17. h3 Bg8 18. g4 Na5 19. Nxa5 bxa5 20. Qd4 b5
21. Nd5 c6 22. Ne3 Nc8 23. c4 c5 24. Qd2 b4 25. Bg2 Nb6 26. b3 a4 27. Kc2 a3
28. Kb1 Kc7 29. Qf2 g6 30. Rd2 Qe7 31. Red1 Rd7 32. Qg3 Red8 33. Bh1 h6 34. f4
Bh7 35. Qf3 g5 36. Nf5 Bxf5 37. exf5 Kb8 38. Qc6 Ka7 39. Qb5 d5 40. cxd5 Nxd5
41. Qa5+ Kb8 42. fxg5 hxg5 43. Qb5+ Ka7 44. Kc1 Qe3 45. Qa5+ Kb8 46. Qb5+ Ka7
1/2-1/2

[Event "M.Chigorin Memorial 2014"]
[Site "St. Petersburg"]
[Date "2014.10.26"]
[Round "9.139"]
[White "Nikitinyh, Boris"]
[Black "Babanin, Gleb"]
[Result "1-0"]
[WhiteElo "2138"]
[BlackElo "1883"]
[PlyCount "51"]
[EventDate "2014.10.18"]

1. e4 e5 2. Nf3 Nc6 3. Bb5 a6 4. Ba4 Nf6 5. O-O Be7 6. Re1 b5 7. Bb3 d6 8. a4
Bb7 9. c3 Nb8 10. d3 Nbd7 11. Nbd2 O-O 12. Nf1 Re8 13. Ng3 Bf8 14. Ng5 Re7 15.
Nf5 d5 16. Nxe7+ Bxe7 17. exd5 Nxd5 18. Qh5 Bxg5 19. Bxg5 Qe8 20. d4 e4 21. Qh4
N5f6 22. Re3 h6 23. Bxh6 bxa4 24. Rg3 axb3 25. Bxg7 Nh7 26. Bf6+ 1-0

[Event "M.Chigorin Memorial 2014"]
[Site "St. Petersburg"]
[Date "2014.10.26"]
[Round "9.141"]
[White "Fokin, Anatoly"]
[Black "Korchagina, Viktoria"]
[Result "0-1"]
[WhiteElo "1765"]
[BlackElo "2124"]
[PlyCount "62"]
[EventDate "2014.10.18"]

1. d4 Nf6 2. c4 g6 3. Nc3 d5 4. e3 Bg7 5. Bd3 O-O 6. Nf3 c5 7. h3 Nc6 8. O-O b6
9. cxd5 Nxd5 10. Nxd5 Qxd5 11. e4 Qd7 12. d5 Nd4 13. Nxd4 Bxd4 14. Qb3 e6 15.
Bb5 Qe7 16. Bf4 e5 17. Bh6 Rd8 18. Qg3 Bxb2 19. Rab1 Bd4 20. a4 Bd7 21. Rb3
Bxb5 22. axb5 a6 23. bxa6 Rxa6 24. Rfb1 c4 25. Rf3 f6 26. h4 c3 27. Bc1 c2 28.
Rb2 Bxb2 29. Bxb2 Ra1+ 30. Kh2 c1=Q 31. Bxc1 Rxc1 0-1

[Event "M.Chigorin Memorial 2014"]
[Site "St. Petersburg"]
[Date "2014.10.26"]
[Round "9.142"]
[White "Latyev, Yury"]
[Black "Tskhadadze, Anna"]
[Result "1-0"]
[WhiteElo "2108"]
[BlackElo "1860"]
[PlyCount "53"]
[EventDate "2014.10.18"]

1. e4 d5 2. exd5 Qxd5 3. Nc3 Qd6 4. d4 Nf6 5. Bd3 c6 6. Nge2 e6 7. Bf4 Qd8 8.
Qd2 Nbd7 9. O-O-O Nb6 10. f3 Nbd5 11. g4 Nxf4 12. Qxf4 Be7 13. Kb1 Nd5 14. Nxd5
Qxd5 15. h4 a5 16. c4 Qd8 17. g5 a4 18. Nc3 a3 19. b3 Qa5 20. Ne4 O-O 21. Nf6+
Kh8 22. Nxh7 Qc3 23. Rh2 Rd8 24. Qxf7 Qxd4 25. Nf8 Qc3 26. Ng6+ Kh7 27. Nxe7+
1-0

[Event "M.Chigorin Memorial 2014"]
[Site "St. Petersburg"]
[Date "2014.10.26"]
[Round "9.143"]
[White "Bratus, Petr P"]
[Black "Shapar, Tatiana"]
[Result "1-0"]
[WhiteElo "2106"]
[BlackElo "1836"]
[PlyCount "51"]
[EventDate "2014.10.18"]

1. Nf3 g6 2. d4 Bg7 3. c4 Nf6 4. Nc3 O-O 5. g3 d6 6. Bg2 Nbd7 7. O-O e5 8. e4
a5 9. h3 exd4 10. Nxd4 Nb6 11. b3 a4 12. Be3 Nbd7 13. Qc2 Nc5 14. Rad1 Qe7 15.
Rfe1 Na6 16. Kh2 axb3 17. axb3 Nd7 18. Ndb5 Ndc5 19. Nd5 Qd7 20. Bxc5 Nxc5 21.
Ndxc7 Rb8 22. Rxd6 Qe7 23. Nd5 Qe5 24. f4 Qh5 25. Ne7+ Kh8 26. Rd5 1-0

[Event "M.Chigorin Memorial 2014"]
[Site "St. Petersburg"]
[Date "2014.10.26"]
[Round "9.144"]
[White "Opanasenko, Mikhail"]
[Black "Gogin, Artem"]
[Result "1-0"]
[WhiteElo "2048"]
[BlackElo "1815"]
[PlyCount "55"]
[EventDate "2014.10.18"]

1. d4 d5 2. c4 e6 3. Nc3 Nf6 4. Nf3 b6 5. Bg5 Be7 6. e3 h6 7. Bh4 O-O 8. Be2
dxc4 9. Bxc4 Bb7 10. O-O Nbd7 11. Qe2 Ne4 12. Bxe7 Qxe7 13. Nxe4 Bxe4 14. Nd2
Bb7 15. e4 c5 16. Nb3 cxd4 17. Nxd4 e5 18. Nf5 Qg5 19. f3 Rad8 20. b4 Nb8 21.
Rad1 Nc6 22. Bd5 Rd7 23. Bxc6 Bxc6 24. b5 Rxd1 25. Rxd1 Be8 26. h4 Qf4 27. g3
Bxb5 28. Qf2 1-0

[Event "M.Chigorin Memorial 2014"]
[Site "St. Petersburg"]
[Date "2014.10.26"]
[Round "9.146"]
[White "Mihailov, Dimitri"]
[Black "Kamnev, Alexander"]
[Result "1-0"]
[WhiteElo "1765"]
[BlackElo "2013"]
[PlyCount "95"]
[EventDate "2014.10.18"]

1. b4 e6 2. Bb2 Nf6 3. b5 d5 4. e3 Be7 5. Nf3 O-O 6. c4 c5 7. Be2 a6 8. a4 axb5
9. axb5 Rxa1 10. Bxa1 b6 11. O-O Bb7 12. d3 Nbd7 13. Nbd2 Qc7 14. Bb2 Ra8 15.
Qb3 e5 16. cxd5 Nxd5 17. Nc4 Bf6 18. Nfd2 Be7 19. Bf3 Rd8 20. Ra1 Qb8 21. Qa4
Nb4 22. Nxe5 Nxe5 23. Bxe5 Qxe5 24. Bxb7 Rxd3 25. Nf3 Qb2 26. Be4 Rd8 27. Rd1
Rxd1+ 28. Qxd1 c4 29. g3 c3 30. Qd7 c2 31. Bxc2 Nxc2 32. Qxe7 Qa1+ 33. Kg2 Qa8
34. e4 h6 35. g4 Qc8 36. Kg3 f6 37. Qd6 Qc3 38. Qxb6 Kh7 39. Qc6 Qd3 40. Qd5
Qc3 41. b6 Ne1 42. e5 Nxf3 43. Qxf3 Qxe5+ 44. Kg2 Qb2 45. b7 g6 46. Qc6 h5 47.
Qc7+ Kh6 48. b8=Q 1-0

[Event "M.Chigorin Memorial 2014"]
[Site "St. Petersburg"]
[Date "2014.10.26"]
[Round "9.147"]
[White "Stepanov, Andrey"]
[Black "Vorobyova, Valeriya"]
[Result "1-0"]
[WhiteElo "2012"]
[BlackElo "1742"]
[PlyCount "105"]
[EventDate "2014.10.18"]

1. e4 c5 2. Nf3 d6 3. d4 cxd4 4. Nxd4 Nf6 5. Nc3 Nc6 6. Be3 Ng4 7. Bg5 Qb6 8.
Bb5 Bd7 9. O-O Qxd4 10. Bxc6 Qxd1 11. Bxd7+ Kxd7 12. Raxd1 h6 13. Bc1 Kc6 14.
h3 Ne5 15. f4 Ng6 16. Be3 e6 17. Rd4 Be7 18. Ra4 a6 19. Rc4+ Kd7 20. Na4 b5 21.
Nb6+ Kd8 22. Rc6 Rb8 23. Rd1 Nf8 24. Bc5 Nd7 25. Bxd6 Rxb6 26. Bxe7+ Kxe7 27.
Rxd7+ Kxd7 28. Rxb6 Ra8 29. Rb7+ Ke8 30. Kf2 Rd8 31. Ke2 Rd4 32. Ke3 Rd1 33.
Rb6 Rb1 34. Rxa6 Rxb2 35. Kd3 Rb4 36. Ra3 f6 37. Rb3 Ra4 38. Rxb5 Rxa2 39. Rb7
Kf8 40. g3 Ra4 41. h4 Ra6 42. g4 Ra5 43. c4 g5 44. hxg5 hxg5 45. fxg5 fxg5 46.
Rb5 Ra7 47. Kd4 Rd7+ 48. Ke5 Ke7 49. Rb6 Ra7 50. c5 Ra5 51. Rb2 Kf8 52. Kd6 Ra8
53. c6 1-0

[Event "M.Chigorin Memorial 2014"]
[Site "St. Petersburg"]
[Date "2014.10.26"]
[Round "9.148"]
[White "Tonkoshkur, Daniil"]
[Black "Gorin, Alexandr"]
[Result "1-0"]
[WhiteElo "1721"]
[BlackElo "2000"]
[PlyCount "55"]
[EventDate "2014.10.18"]

1. d4 g6 2. Nf3 Bg7 3. c4 d6 4. Nc3 Nc6 5. e4 e5 6. d5 Nce7 7. Bd3 Nh6 8. b4 f6
9. Ba3 O-O 10. c5 Nf7 11. Qb3 Kh8 12. O-O f5 13. Rac1 a6 14. b5 dxc5 15. Bxc5
fxe4 16. Nxe4 Nd6 17. b6 Nxe4 18. Bxe4 Rf4 19. bxc7 Qd7 20. Bxe7 Rxe4 21. d6
Rg4 22. Ng5 h6 23. Nf7+ Kh7 24. Rfe1 e4 25. Rc5 b5 26. Ne5 Bxe5 27. Rxe5 Rf4
28. R5xe4 1-0

[Event "M.Chigorin Memorial 2014"]
[Site "St. Petersburg"]
[Date "2014.10.26"]
[Round "9.149"]
[White "Kopasov, Evgeny"]
[Black "Matchenya, Ivan"]
[Result "0-1"]
[WhiteElo "1997"]
[BlackElo "1659"]
[PlyCount "218"]
[EventDate "2014.10.18"]

1. d4 Nc6 2. Nf3 d6 3. Bf4 Nf6 4. e3 g6 5. Nbd2 Bg7 6. h3 O-O 7. c3 Ne8 8. Bc4
e5 9. Bg5 Bf6 10. Bxf6 Nxf6 11. dxe5 dxe5 12. O-O Qe7 13. Qe2 Kg7 14. Rfd1 Bd7
15. Nf1 Ne8 16. Rd2 Nd6 17. Bb3 Rad8 18. Rad1 f5 19. Ng3 Be6 20. Bxe6 Qxe6 21.
b3 Qf6 22. c4 b6 23. c5 Nf7 24. cxb6 cxb6 25. Rxd8 Rxd8 26. Rxd8 Qxd8 27. Qd2
Qxd2 28. Nxd2 Kf6 29. Kf1 Ke6 30. Ke2 Kd5 31. a3 b5 32. Kd3 Nd6 33. f3 e4+ 34.
Kc3 a5 35. b4 axb4+ 36. axb4 Ne5 37. h4 Nec4 38. fxe4+ fxe4 39. Ndf1 Nf7 40.
Ne2 Nfd6 41. Nf4+ Ke5 42. g4 Nxe3 43. Nxg6+ hxg6 44. Nxe3 Kf4 45. Kd4 Nc4 46.
Nxc4 bxc4 47. b5 e3 48. b6 e2 49. b7 e1=Q 50. b8=Q+ Kxg4 51. Kxc4 Qxh4 52. Qc8+
Kg3+ 53. Kb5 Qg5+ 54. Ka6 Qf6+ 55. Ka7 g5 56. Qc7+ Qf4 57. Qc3+ Kg2 58. Ka6 g4
59. Qc2+ Kg1 60. Ka5 g3 61. Qd1+ Qf1 62. Qd4+ Qf2 63. Qd1+ Kg2 64. Qd5+ Qf3 65.
Qa2+ Qf2 66. Qd5+ Kf1 67. Qd3+ Ke1 68. Qb1+ Ke2 69. Qc2+ Ke3 70. Qc3+ Ke4 71.
Qc6+ Kd3 72. Qb5+ Kc2 73. Qc4+ Kb1 74. Qb3+ Kc1 75. Qc3+ Kd1 76. Qb3+ Ke1 77.
Qb1+ Ke2 78. Qb5+ Kf3 79. Qd5+ Kg4 80. Qg8+ Kh3 81. Qh7+ Kg2 82. Qe4+ Qf3 83.
Qc2+ Kg1 84. Qc1+ Qf1 85. Qe3+ Kh2 86. Qh6+ Qh3 87. Qd6 Qf5+ 88. Ka6 Qf1+ 89.
Ka5 Qe1+ 90. Ka4 Kg1 91. Qd4+ Kh1 92. Qh4+ Kg2 93. Qg5 Qe4+ 94. Ka5 Kh3 95.
Qh6+ Qh4 96. Qe3 Kh2 97. Qe5 Qg4 98. Qc7 Qg5+ 99. Ka6 Kh1 100. Qh7+ Kg1 101.
Qb1+ Kg2 102. Qe4+ Kh3 103. Qh1+ Kg4 104. Qd1+ Kf4 105. Qd2+ Kf5 106. Qd7+ Kg6
107. Qe8+ Kh7 108. Qd7+ Qg7 109. Qd5 g2 0-1

[Event "M.Chigorin Memorial 2014"]
[Site "St. Petersburg"]
[Date "2014.10.26"]
[Round "9.150"]
[White "Khalikov, Bulat"]
[Black "Isaev, Chingys"]
[Result "1-0"]
[WhiteElo "1637"]
[BlackElo "1977"]
[PlyCount "53"]
[EventDate "2014.10.18"]

1. e4 e5 2. Nf3 Nc6 3. d4 exd4 4. Nxd4 Nf6 5. Nxc6 bxc6 6. Bd3 d5 7. e5 Nd7 8.
O-O Be7 9. f4 Nc5 10. f5 Nxd3 11. Qxd3 f6 12. e6 Bc5+ 13. Be3 Qe7 14. Bxc5
Qxc5+ 15. Kh1 Qb5 16. Qf3 Ba6 17. Nc3 Qxb2 18. Qh5+ g6 19. fxg6 O-O-O 20. e7
hxg6 21. exd8=Q+ Rxd8 22. Qh3+ f5 23. Rfc1 d4 24. Na4 Qb4 25. Qb3 Qd6 26. Re1
Bb5 27. Nb2 1-0

[Event "M.Chigorin Memorial 2014"]
[Site "St. Petersburg"]
[Date "2014.10.26"]
[Round "9.151"]
[White "Borunova, Tatiana"]
[Black "Koshil, Tikhon"]
[Result "0-1"]
[WhiteElo "1629"]
[BlackElo "1975"]
[PlyCount "92"]
[EventDate "2014.10.18"]

1. e4 c5 2. d3 d6 3. g3 g6 4. Be3 Qb6 5. Qc1 Bg7 6. c3 Nc6 7. Na3 Qc7 8. Bg2 a6
9. Ne2 b6 10. h3 Bb7 11. O-O e6 12. Nc2 Nge7 13. Bh6 O-O 14. Bxg7 Kxg7 15. f4
f5 16. g4 b5 17. Ne3 Rad8 18. c4 b4 19. Qe1 Rf7 20. g5 Rdf8 21. Qg3 Kh8 22. h4
a5 23. h5 Nd4 24. Rae1 Nxe2+ 25. Rxe2 fxe4 26. dxe4 Nc6 27. Nc2 Qe7 28. Bf3 e5
29. hxg6 exf4 30. Qh4 Rg7 31. Bh5 Qe5 32. Rh2 Nd4 33. Ne3 Qxe4 34. Nd5 Bxd5 35.
cxd5 Qe3+ 36. Rhf2 f3 37. Kh1 Rf5 38. Qh3 Qxg5 39. Bxf3 Rxg6 40. Rh2 Rg7 41.
Rg2 Rxf3 42. Qxf3 Nxf3 43. Rxg5 Rxg5 44. Rxf3 Rxd5 45. Rf8+ Kg7 46. Ra8 c4 0-1

[Event "M.Chigorin Memorial 2014"]
[Site "St. Petersburg"]
[Date "2014.10.26"]
[Round "9.153"]
[White "Yakimov, S.Y."]
[Black "Levin, Evgeny"]
[Result "1-0"]
[WhiteElo "2155"]
[BlackElo "1835"]
[PlyCount "73"]
[EventDate "2014.10.18"]

1. d4 d5 2. Nf3 Nd7 3. c4 e6 4. e3 Bb4+ 5. Nbd2 Ngf6 6. b3 b6 7. Bb2 Bb7 8. a3
Be7 9. b4 c6 10. Bd3 O-O 11. c5 Ne8 12. e4 dxe4 13. Nxe4 Ndf6 14. Qe2 Nd5 15.
g3 Nef6 16. O-O Nxe4 17. Qxe4 g6 18. Bc1 Bf6 19. Bd2 Qe7 20. Rac1 b5 21. h4 Bg7
22. Kg2 Rae8 23. Rce1 f6 24. Rh1 f5 25. Qe2 Nf6 26. Bf4 Qd8 27. Bd6 Ng4 28. Bb1
Rf6 29. h5 Rf7 30. hxg6 hxg6 31. Ba2 Bc8 32. Rh3 Bd7 33. Reh1 Bf6 34. Ng5 Bxg5
35. Rh8+ Kg7 36. R1h7+ Kf6 37. Qe5+ 1-0

[Event "M.Chigorin Memorial 2014"]
[Site "St. Petersburg"]
[Date "2014.10.26"]
[Round "9.154"]
[White "Galaktionov, Artem"]
[Black "Bezulenko, Evgeny"]
[Result "1-0"]
[WhiteElo "2131"]
[BlackElo "1827"]
[PlyCount "161"]
[EventDate "2014.10.18"]

1. d4 Nf6 2. Nf3 e6 3. c4 b6 4. g3 Bb7 5. Bg2 Be7 6. Nc3 O-O 7. d5 Bb4 8. Nh4
Na6 9. dxe6 Bxg2 10. exf7+ Rxf7 11. Nxg2 Ne4 12. O-O Nxc3 13. bxc3 Bxc3 14. Rb1
Nc5 15. Ba3 Ne6 16. Qd3 Bd4 17. Bb2 Bxb2 18. Rxb2 Qf6 19. Rd2 Re8 20. Ne3 Nc5
21. Qd4 Qxd4 22. Rxd4 Re4 23. Rfd1 d6 24. Rxe4 Nxe4 25. f3 Nc3 26. Rd2 Kf8 27.
Rc2 Na4 28. Nd5 Ke8 29. e4 Nc5 30. Kg2 Kd7 31. Rd2 Kc8 32. h4 Kb7 33. Re2 a5
34. f4 Kc6 35. Kf3 Ne6 36. Ke3 Kc5 37. Kd3 c6 38. Nc3 b5 39. cxb5 cxb5 40. Rc2
Kb6 41. Nd5+ Kb7 42. f5 Nc5+ 43. Kd4 Rf8 44. g4 Re8 45. Re2 Re5 46. Nf4 Kc6 47.
Nh5 Re7 48. Ng3 b4 49. Rc2 a4 50. g5 b3 51. axb3 axb3 52. Rb2 Ra7 53. f6 gxf6
54. gxf6 Ra2 55. Rb1 Rf2 56. Nf5 Rf4 57. f7 Rxe4+ 58. Kc3 Ne6 59. Rd1 Rf4 60.
Rxd6+ Kc7 61. Rd5 Kc6 62. Re5 Kd7 63. Kxb3 Nf8 64. Kc3 Ng6 65. Kd2 Nf8 66. Ke3
Rf1 67. Re7+ Kd8 68. Re5 Kd7 69. Kd4 Ne6+ 70. Kd5 Rd1+ 71. Kc4 Rc1+ 72. Kd3 Rf1
73. h5 Nf8 74. Ke4 Re1+ 75. Kf4 Rf1+ 76. Kg5 Rg1+ 77. Kf6 Rf1 78. Kg7 Ne6+ 79.
Rxe6 Rxf5 80. Rf6 Rg5+ 81. Kh6 1-0

[Event "M.Chigorin Memorial 2014"]
[Site "St. Petersburg"]
[Date "2014.10.26"]
[Round "9.155"]
[White "Repkin, Alexander"]
[Black "Zakharov, Yuri"]
[Result "1/2-1/2"]
[WhiteElo "2077"]
[BlackElo "1830"]
[PlyCount "108"]
[EventDate "2014.10.18"]

1. d4 Nf6 2. Nc3 d5 3. Bg5 g6 4. Bxf6 exf6 5. e3 Bg7 6. h4 h5 7. Qd2 c6 8.
O-O-O b5 9. Kb1 a5 10. Nce2 a4 11. Nc1 Na6 12. e4 Bh6 13. Qe1 O-O 14. exd5 Qxd5
15. f3 Bf5 16. Bd3 Rfe8 17. Nge2 Bxd3 18. Nxd3 b4 19. Qf2 b3 20. cxb3 axb3 21.
a3 Be3 22. Qf1 Bxd4 23. g4 hxg4 24. fxg4 Be5 25. h5 Qe4 26. hxg6 Qxg6 27. Nec1
c5 28. Qf5 c4 29. Nxe5 Rxe5 30. Qxg6+ fxg6 31. Rd6 Nc5 32. Rxf6 Re6 33. Rxe6
Nxe6 34. Ne2 Rf8 35. Rc1 Rf2 36. Ng3 Rf4 37. a4 Rxg4 38. Nf1 Rg1 39. Ne3 Rxc1+
40. Kxc1 Nc5 41. a5 g5 42. Kd2 Ne4+ 43. Kc1 Nc5 44. Kd2 Ne4+ 45. Kc1 Nc5 46.
Nxc4 Kf7 47. Kd2 Ke6 48. Kc3 Kd5 49. Ne3+ Kc6 50. Kc4 Na6 51. Ng4 Nc5 52. Ne5+
Kd6 53. Nf7+ Kc6 54. Nxg5 Na4 1/2-1/2

[Event "M.Chigorin Memorial 2014"]
[Site "St. Petersburg"]
[Date "2014.10.26"]
[Round "9.156"]
[White "Rubtsov, Aleksandr"]
[Black "Grachev, Alexey"]
[Result "0-1"]
[WhiteElo "1666"]
[BlackElo "2065"]
[PlyCount "100"]
[EventDate "2014.10.18"]

1. e4 c5 2. Nf3 e6 3. d4 cxd4 4. Nxd4 a6 5. Nc3 Qc7 6. a3 Nc6 7. Nb3 b5 8. Be3
Nf6 9. f3 Bb7 10. Be2 d6 11. O-O Be7 12. Qd2 O-O 13. Rad1 Ne5 14. Nd4 Nc4 15.
Bxc4 Qxc4 16. Nde2 Rac8 17. Rc1 Rfd8 18. Nd4 d5 19. e5 Nd7 20. f4 Bxa3 21.
Ncxb5 Bxb2 22. Nd6 Bxc1 23. Rxc1 Qc7 24. Nxc8 Rxc8 25. h4 Nc5 26. Qe2 Ne4 27.
g4 a5 28. Kg2 Ra8 29. g5 Ba6 30. Qf3 a4 31. h5 Bc4 32. g6 a3 33. Qh3 a2 34. Ra1
Rb8 35. gxf7+ Qxf7 36. Nb3 Bxb3 37. cxb3 Ra8 38. Qf3 Qc7 39. Bd4 Qc2+ 40. Kh3
Ra3 41. Qg2 Rxb3+ 42. Kh2 Nd2 43. Bg1 Rb1 44. Rxa2 Qxa2 45. Qg4 Nf3+ 46. Kh3
Nxg1+ 47. Kh4 Qh2+ 48. Kg5 Nh3+ 49. Kh4 Nxf4+ 50. Kg5 h6# 0-1

[Event "M.Chigorin Memorial 2014"]
[Site "St. Petersburg"]
[Date "2014.10.26"]
[Round "9.157"]
[White "Kantyshev, Nikita"]
[Black "Khatenever, Feliks"]
[Result "1-0"]
[WhiteElo "1957"]
[BlackElo "1795"]
[PlyCount "97"]
[EventDate "2014.10.18"]

1. e4 e6 2. d4 d5 3. exd5 exd5 4. Nf3 Bd6 5. c4 Nf6 6. Bd3 dxc4 7. Bxc4 O-O 8.
O-O Bg4 9. Nc3 c6 10. Bg5 Nbd7 11. Qd3 Qc7 12. h3 Bh5 13. Rfe1 Bg6 14. Qd2 Rfe8
15. Bb3 h6 16. Be3 Nf8 17. Rac1 Ne6 18. Bxe6 fxe6 19. Nb5 Qd7 20. Nxd6 Qxd6 21.
Bf4 Qf8 22. Be5 Nd5 23. Nh2 Qf5 24. Ng4 Qd3 25. Nxh6+ Kh7 26. Qxd3 Bxd3 27. Ng4
Rf8 28. Ne3 Rf7 29. Nxd5 exd5 30. Rc3 Bg6 31. f3 Re8 32. g4 Rfe7 33. Kg2 Bf7
34. Kg3 Be6 35. h4 Bd7 36. f4 b6 37. b4 a5 38. bxa5 bxa5 39. Rb1 Kg8 40. Rb7
Kf7 41. f5 a4 42. Bd6 c5 43. Bxe7 Kxe7 44. Rxc5 Kd6 45. Rb6+ Ke7 46. Rxd5 a3
47. Rb7 Rc8 48. Rdxd7+ Kf8 49. Rxg7 1-0